Harry Potter commençant par T par images - Statistiques

Statistiques générales
  • Ce quiz a été pris 232 fois
  • Le résultat moyen est 15 sur 20
Statistiques - réponses
Par images Hint Réponse % Correct
Personnage {Tom} Jedusor
99%
Evenement {Tournoi} des trois sorciers
98%
Rue passante Chemin de {Traverse}
97%
Créature {Troll}
97%
Personnage Nymphadora {Tonks}
92%
Animal Miss {Teigne}
91%
Signature des mangemorts Marque des {ténèbres}
88%
Personnage Dean {Thomas}
86%
Maison des Weasley Le {Terrier}
82%
Lieu {Tour} {d}'{astronomie}
82%
Moyen de déplacement magique {Transplanage}
82%
Personnage Sibylle {Trelawney}
81%
Personnage Bathilda {Tourdesac}
80%
Lieu {Toilettes} {des} {filles}
79%
Crapaud {Trévor}
78%
Chien à trois têtes {Touffu}
73%
Bar de Pré-au-lard {Trois} {Balais}
56%
Bar de Pré-au-lard {Tête} {de} {sanglier}
42%
Personnage {Terence} Higgs
20%
Personnage Pius {Thicknesse}
16%
Aucun quiz correspondant
Distribution des résultats
% des personnes avec chaque résultat
Percentile par nombre de réponses
Votre historique - résultats
Vous n’avez pas pris ce quiz